Responses for Show #3203 - Wednesday, July 1, 1998

John Skelton game 2.

Contestants

[<< previous game]

Richard Lyle, a parole officer from St. Simons Island, Georgia

Allen Galli, an actor from Seattle, Washington

John Skelton, a lawyer and real estate appraiser from Seattle, Washington (whose 1-day cash winnings total $10,000)

[next game >>]

Jeopardy! Round responses

THE ENVIRONMENT
POTPOURRI
ROYALTY
NO. 1 ALBUMS
WAX MUSEUMS
"EYE" GUESS
    $100 16
winter

Allen
    $100 11
(John: What are ladders?)
(Allen: What are cliffs?)
(Alex: No.)
(Allen: Mou--)
[Richard rebounded with the expected response. Before the Double Jeopardy! Round, John was ruled correct as well, and Allen was returned his money for his subsequent incorrect response.]

stairs

JohnRichard
    $100 13
Copenhagen

John
    $100 1
The Beatles

John
    $100 26
Gettysburg

Richard
    $100 6
Hawkeye (Pierce)

John
    $200 17
Everglades

John
    $200 12
Madison Avenue

John
    $200 14
Mary (Queen of Scots)

Richard
    $200 2
Paul Simon

John
    $200 27
horrors

John
    $200 7
evil eye

John
    $300 18
(Richard: What is the Amazon?)
...
(Alex: Richard, you got way too specific. We were going for [*].)

tropical rain forest

Richard
Triple Stumper
    $300 21
toilet bowl

John
    $300 15
Eleanor

John
    $300 3
Van Halen

John
    $300 28
Michael Jackson

John
    $300 8
fish-eye lens

John
    $400 19
ozone

Allen
    $400 22
salsa

John
    $600 24
(Allen: Who is Louis XIV?)

Louis XVI

Allen
    $400 4
Jim Croce

John
    $400 29
New Orleans

Allen
    $400 9
Don't It Make My Brown Eyes Blue

Allen
    $500 20
(Richard: What is the Natural Resource Defense Committee?)
(John: What is the Natural Resource Defense Council?)
(Alex: No, we won't accept that either.)

Natural Resources Defense Council

JohnRichard
Triple Stumper
    $500 23
Ben Franklin

Allen
    $500 25
Romania

John
    $500 5
(Richard: Who is Madonna?)

Stevie Nicks

JohnRichard
    $500 30
Plymouth

John
    $500 10
(Clarence) Birdseye

John

Scores at the first commercial break (after clue 15):

John Allen Richard
$3,300 $400 -$200

Scores at the end of the Jeopardy! Round:

John Allen Richard
$5,200 $1,200 -$900

Double Jeopardy! Round responses

U.S. HISTORY
SPORTS HEADLINES
ART & ARTISTS
PLAYS & PLAYWRIGHTS
ACTORS & ACTRESSES
"WHIP"S & "CHAIN"S
    $200 1
horse

Richard
    $200 7
Babe Ruth

John
    $200 25
Venice

John
    $200 6
Our Town

John
    $200 21
Cabaret

Richard
    $200 12
the old ball and chain

John
    $400 2
male

Richard
    $400 8
George Foreman

Richard
    $400 26
Henry the Eighth

Richard
    $400 14
Noel Coward

Richard
    $400 22
Sharon Stone

John
    $400 13
whiplash

Richard
    $600 3
New York City

John
    $600 9
Nolan Ryan

John
    $600 27
Gauguin

John
    $600 15
Lillian Hellman

Richard
    $5,200 23
(Alex: Take a look at the monitor and this clue.)

Mr. Mom

John
    $600 17
"Back On The Chain Gang"

Richard
    $2,000 4
(John Jacob) Astor

John
    $800 10
Pele

John
    $800 29
Mexico City

Allen
    $800 16
A Man For All Seasons

John
    $800 24
Sylvester Stallone

Triple Stumper
    $800 18
chain smoke

John
    $1000 5
refrigerated cars

Allen
    $1000 11
Bruce Jenner

John
    $1000 30
Tintoretto

Allen
    $1000 20
(Wendy) Wasserstein

John
    $1000 28
Ben Kingsley

Richard
    $1000 19
whippet

John

Scores at the end of the Double Jeopardy! Round:

John Allen Richard
$20,800 $4,000 $3,700
(lock game)

[wagering suggestions for these scores]

Final Jeopardy! Round responses

WORLD CAPITALS
RichardWhat is Lisbon?
$3,700
AllenWhat is Reykyavik?
$3,401
JohnWhat is Reykjavik?
$10,200
(1 of) Lisbon or Reykjavik

Final scores:

John Allen Richard
$31,000 $7,401 $7,400
2-day champion: $41,000 2nd place: Trip to San Francisco and one week stay at the DoubleTree Guest Suites 3rd place: DuPont Hollofil sleeping bag, Coleman Dakota tent, Northstar lantern, portable fireplace and quickbed

Game dynamics:

Coryat scores:

John Allen Richard
$15,000 $4,600 $3,700
36 R
(including 2 DDs),
1 W
8 R,
1 W
(including 1 DD)
13 R,
3 W

Combined Coryat: $23,300

[game clues] [game scores] [suggest correction]

Game tape date: Unknown
The J! Archive is created by fans, for fans. Scraping, republication, monetization, and malicious use prohibited; this site may use cookies and collect identifying information. See terms. The Jeopardy! game show and all elements thereof, including but not limited to copyright and trademark thereto, are the property of Jeopardy Productions, Inc. and are protected under law. This website is not affiliated with, sponsored by, or operated by Jeopardy Productions, Inc. Join the discussion at JBoard.tv.